[Event "DEM U12w 2024"]
[Site "Willingen GER"]
[Date "2024.05.19"]
[Round "1"]
[White "Weyerer, Elea"]
[Black "Stiehler, Mara"]
[Result "0-1"]
[Termination "normal"]
[Board "8"]
[WhiteElo "1507"]
[BlackElo "1739"]
[WhiteClock "00:17:39"]
[BlackClock "00:26:10"]
[PlyCount "125"]
[WhiteFideId "34605770"]
[BlackFideId "34621199"]
[EventCountry "GER"]
[EventRounds "9"]
[EventType "swiss"]
[EventDate "2024.05.18"]

1. d4 {[%clk 01:30:57]} {[%emt 00:00:02]} Nf6 {[%clk 01:30:56]} {[%emt
00:00:05]} 2. Bf4 {[%clk 01:31:21]} {[%emt 00:00:06]} d5 {[%clk 01:31:13]}
{[%emt 00:00:14]} 3. Nc3 {[%clk 01:31:32]} {[%emt 00:00:19]} c5 {[%clk
01:31:15]} {[%emt 00:00:28]} 4. e3 {[%clk 01:31:19]} {[%emt 00:00:43]} a6
{[%clk 01:30:30]} {[%emt 00:01:16]} 5. Nf3 {[%clk 01:27:14]} {[%emt 00:04:35]}
Nc6 {[%clk 01:29:44]} {[%emt 00:01:16]} 6. Be2 {[%clk 01:26:44]} {[%emt
00:00:59]} Qb6 {[%clk 01:25:32]} {[%emt 00:04:42]} 7. Na4 {[%clk 01:24:18]}
{[%emt 00:02:56]} Qa5+ {[%clk 01:23:42]} {[%emt 00:02:20]} 8. c3 {[%clk
01:21:53]} {[%emt 00:02:55]} c4 {[%clk 01:21:18]} {[%emt 00:02:54]} 9. b4
{[%clk 01:12:21]} {[%emt 00:10:02]} cxb3 {[%clk 01:14:02]} {[%emt 00:07:46]}
10. axb3 {[%clk 01:08:33]} {[%emt 00:04:18]} b5 {[%clk 01:11:53]} {[%emt
00:02:39]} 11. Nc5 {[%clk 01:01:27]} {[%emt 00:07:36]} Qxc3+ {[%clk 01:11:41]}
{[%emt 00:00:41]} 12. Nd2 {[%clk 01:00:07]} {[%emt 00:01:50]} e6 {[%clk
01:03:39]} {[%emt 00:08:32]} 13. Bxb5 {[%clk 00:55:07]} {[%emt 00:05:30]} Bd7
{[%clk 00:48:51]} {[%emt 00:15:19]} 14. Nxd7 {[%clk 00:54:26]} {[%emt
00:01:11]} Kxd7 {[%clk 00:48:47]} {[%emt 00:00:34]} 15. Rc1 {[%clk 00:54:17]}
{[%emt 00:00:39]} Qxc1 {[%clk 00:46:48]} {[%emt 00:02:29]} 16. Qxc1 {[%clk
00:54:31]} {[%emt 00:00:16]} axb5 {[%clk 00:46:55]} {[%emt 00:00:23]} 17. O-O
{[%clk 00:53:27]} {[%emt 00:01:34]} Bb4 {[%clk 00:45:51]} {[%emt 00:01:35]} 18.
Nf3 {[%clk 00:50:55]} {[%emt 00:03:02]} Rhc8 {[%clk 00:42:59]} {[%emt
00:03:22]} 19. Qb1 {[%clk 00:49:40]} {[%emt 00:01:43]} Ne4 {[%clk 00:40:24]}
{[%emt 00:03:06]} 20. Qd3 {[%clk 00:45:24]} {[%emt 00:04:44]} Ra5 {[%clk
00:35:16]} {[%emt 00:05:41]} 21. Ne5+ {[%clk 00:37:14]} {[%emt 00:08:40]} Nxe5
{[%clk 00:33:42]} {[%emt 00:02:03]} 22. dxe5 {[%clk 00:36:18]} {[%emt
00:01:26]} Rc3 {[%clk 00:31:51]} {[%emt 00:02:21]} 23. Qd1 {[%clk 00:30:40]}
{[%emt 00:06:06]} Ra3 {[%clk 00:29:46]} {[%emt 00:02:37]} 24. Qe2 {[%clk
00:27:00]} {[%emt 00:04:08]} Kc6 {[%clk 00:29:07]} {[%emt 00:01:11]} 25. Rb1
{[%clk 00:24:58]} {[%emt 00:02:31]} Raxb3 {[%clk 00:29:09]} {[%emt 00:00:30]}
26. Qd1 {[%clk 00:23:29]} {[%emt 00:01:50]} Nd2 {[%clk 00:25:52]} {[%emt
00:03:55]} 27. Rxb3 {[%clk 00:20:08]} {[%emt 00:03:51]} Nxb3 {[%clk 00:24:25]}
{[%emt 00:01:58]} 28. e4 {[%clk 00:19:26]} {[%emt 00:01:12]} d4 {[%clk
00:23:20]} {[%emt 00:01:34]} 29. Bd2 {[%clk 00:18:26]} {[%emt 00:01:28]} Rc4
{[%clk 00:21:52]} {[%emt 00:02:01]} 30. Qxb3 {[%clk 00:16:55]} {[%emt
00:02:01]} Bxd2 {[%clk 00:22:01]} {[%emt 00:00:21]} 31. g3 {[%clk 00:16:08]}
{[%emt 00:01:17]} Ra4 {[%clk 00:19:43]} {[%emt 00:02:46]} 32. Kg2 {[%clk
00:13:04]} {[%emt 00:03:35]} Kc5 {[%clk 00:18:21]} {[%emt 00:01:53]} 33. Kf3
{[%clk 00:11:26]} {[%emt 00:02:06]} Ra7 {[%clk 00:16:31]} {[%emt 00:02:19]} 34.
Ke2 {[%clk 00:10:47]} {[%emt 00:01:09]} Bc3 {[%clk 00:16:17]} {[%emt 00:00:47]}
35. Kd3 {[%clk 00:09:21]} {[%emt 00:01:51]} Kb6 {[%clk 00:12:01]} {[%emt
00:04:50]} 36. f4 {[%clk 00:07:41]} {[%emt 00:02:11]} b4 {[%clk 00:08:45]}
{[%emt 00:03:46]} 37. f5 {[%clk 00:03:41]} {[%emt 00:04:30]} Ra3 {[%clk
00:06:11]} {[%emt 00:03:04]} 38. fxe6 {[%clk 00:01:45]} {[%emt 00:02:26]} Rxb3
{[%clk 00:03:58]} {[%emt 00:02:43]} 39. e7 {[%emt 00:01:30]} Bb2+ {[%clk
00:02:48]} {[%emt 00:00:17]} 40. Kd2 {[%clk 00:02:12]} {[%emt 00:00:21]} Bc1+
{[%clk 00:02:06]} {[%emt 00:01:16]} 41. Kd1 {[%clk 00:01:46]} {[%emt 00:00:50]}
Rd3+ {[%clk 00:01:30]} {[%emt 00:01:13]} 42. Ke2 {[%clk 00:01:33]} {[%emt
00:00:29]} Re3+ {[%clk 00:01:33]} {[%emt 00:00:41]} 43. Kf2 {[%clk 00:01:02]}
{[%emt 00:00:59]} d3 {[%clk 00:00:49]} {[%emt 00:01:16]} 44. e8=Q {[%clk
00:01:02]} {[%emt 00:00:31]} d2 {[%clk 00:00:48]} {[%emt 00:00:31]} 45. Qa4
{[%clk 00:29:31]} {[%emt 00:01:59]} Rxe4 {[%clk 00:30:28]} {[%emt 00:00:51]}
46. Qd7 {[%clk 00:26:22]} {[%emt 00:03:37]} Rc4 {[%clk 00:28:43]} {[%emt
00:02:14]} 47. Qd6+ {[%clk 00:25:44]} {[%emt 00:01:07]} Kb5 {[%clk 00:28:23]}
{[%emt 00:00:54]} 48. Qd5+ {[%clk 00:24:19]} {[%emt 00:01:53]} Ka4 {[%clk
00:27:54]} {[%emt 00:01:00]} 49. Ke2 {[%clk 00:24:04]} {[%emt 00:00:40]} Kb3
{[%clk 00:27:50]} {[%emt 00:00:38]} 50. Qd3+ {[%clk 00:23:21]} {[%emt
00:01:08]} Rc3 {[%clk 00:27:26]} {[%emt 00:01:00]} 51. Qd5+ {[%clk 00:22:17]}
{[%emt 00:01:33]} Kc2 {[%clk 00:26:46]} {[%emt 00:01:09]} 52. Qa2+ {[%clk
00:21:06]} {[%emt 00:01:35]} Bb2 {[%clk 00:26:51]} {[%emt 00:00:33]} 53. Qd5
{[%clk 00:20:45]} {[%emt 00:00:51]} Re3 {[%clk 00:26:04]} {[%emt 00:01:17]} 54.
Kxe3 {[%clk 00:20:56]} {[%emt 00:00:19]} d1=Q {[%clk 00:26:05]} {[%emt
00:00:29]} 55. Qc4+ {[%clk 00:18:50]} {[%emt 00:02:31]} Bc3 {[%clk 00:25:50]}
{[%emt 00:00:50]} 56. Qa2+ {[%clk 00:18:48]} {[%emt 00:00:24]} Kc1 {[%clk
00:25:52]} {[%emt 00:00:28]} 57. Qxf7 {[%clk 00:17:42]} {[%emt 00:01:43]} Qe1+
{[%clk 00:25:46]} {[%emt 00:00:37]} 58. Kd3 {[%clk 00:17:25]} {[%emt 00:00:43]}
Qd2+ {[%clk 00:25:52]} {[%emt 00:00:27]} 59. Ke4 {[%clk 00:17:39]} {[%emt
00:00:16]} Qe2+ {[%clk 00:26:10]} {[%emt 00:00:13]} 60. Kf5 Qxe5+ 61. Kg4 Qe2+
62. Kh3 Kb2 63. Qf5 h6 0-1

[Event "DEM U12w 2024"]
[Site "Willingen GER"]
[Date "2024.05.19"]
[Round "1"]
[White "Ramakrishnan, Veda"]
[Black "Baklan, Kira"]
[Result "1-0"]
[Termination "normal"]
[Board "9"]
[WhiteElo "1482"]
[BlackElo "1264"]
[WhiteClock "00:12:15"]
[BlackClock "01:38:50"]
[PlyCount "149"]
[WhiteFideId "16269519"]
[BlackFideId "34186514"]
[EventCountry "GER"]
[EventRounds "9"]
[EventType "swiss"]
[EventDate "2024.05.18"]

1. d4 {[%clk 01:30:57]} {[%emt 00:00:01]} Nf6 {[%clk 01:30:52]} {[%emt
00:00:09]} 2. c4 {[%clk 01:31:19]} {[%emt 00:00:08]} e6 {[%clk 01:31:15]}
{[%emt 00:00:08]} 3. Nc3 {[%clk 01:31:40]} {[%emt 00:00:09]} Bb4 {[%clk
01:31:38]} {[%emt 00:00:07]} 4. Qc2 {[%clk 01:31:57]} {[%emt 00:00:12]} d5
{[%clk 01:31:23]} {[%emt 00:00:45]} 5. a3 {[%clk 01:31:37]} {[%emt 00:00:51]}
Be7 {[%clk 01:30:52]} {[%emt 00:01:02]} 6. Bg5 {[%clk 01:29:21]} {[%emt
00:02:45]} a6 {[%clk 01:30:13]} {[%emt 00:01:10]} 7. e3 {[%clk 01:28:09]}
{[%emt 00:01:41]} h6 {[%clk 01:25:05]} {[%emt 00:05:38]} 8. Bh4 {[%clk
01:27:02]} {[%emt 00:01:37]} Nbd7 {[%clk 01:23:50]} {[%emt 00:01:45]} 9. Nf3
{[%clk 01:26:02]} {[%emt 00:01:28]} c6 {[%clk 01:20:41]} {[%emt 00:03:40]} 10.
c5 {[%clk 01:22:58]} {[%emt 00:03:34]} b6 {[%clk 01:19:43]} {[%emt 00:01:29]}
11. b4 {[%clk 01:20:16]} {[%emt 00:03:12]} a5 {[%clk 01:18:38]} {[%emt
00:01:35]} 12. Rb1 {[%clk 01:17:59]} {[%emt 00:02:46]} O-O {[%clk 01:16:43]}
{[%emt 00:02:25]} 13. Bd3 {[%clk 01:16:31]} {[%emt 00:01:58]} Ba6 {[%clk
01:15:25]} {[%emt 00:01:49]} 14. O-O {[%clk 01:10:13]} {[%emt 00:06:48]} Bxd3
{[%clk 01:15:43]} {[%emt 00:00:13]} 15. Qxd3 {[%clk 01:10:31]} {[%emt
00:00:12]} Re8 {[%clk 01:12:02]} {[%emt 00:04:10]} 16. h3 {[%clk 01:07:06]}
{[%emt 00:03:55]} Nh5 {[%clk 01:11:15]} {[%emt 00:01:17]} 17. Bxe7 {[%clk
01:05:37]} {[%emt 00:01:58]} Rxe7 {[%clk 01:11:37]} {[%emt 00:00:09]} 18. e4
{[%clk 01:01:49]} {[%emt 00:04:19]} Qc7 {[%clk 01:10:10]} {[%emt 00:01:57]} 19.
Rfe1 {[%clk 00:58:03]} {[%emt 00:04:15]} Ree8 {[%clk 01:09:39]} {[%emt
00:01:02]} 20. e5 {[%clk 00:56:18]} {[%emt 00:02:15]} Nf4 {[%clk 01:09:29]}
{[%emt 00:00:39]} 21. Qe3 {[%clk 00:54:35]} {[%emt 00:02:13]} Ng6 {[%clk
01:09:00]} {[%emt 00:00:59]} 22. Ne2 {[%clk 00:47:28]} {[%emt 00:07:37]} f6
{[%clk 01:09:12]} {[%emt 00:00:18]} 23. exf6 {[%clk 00:44:46]} {[%emt
00:03:12]} Nxf6 {[%clk 01:09:30]} {[%emt 00:00:13]} 24. Ng3 {[%clk 00:44:29]}
{[%emt 00:00:47]} b5 {[%clk 01:08:30]} {[%emt 00:01:31]} 25. Ne5 {[%clk
00:42:35]} {[%emt 00:02:23]} Nxe5 {[%clk 01:07:38]} {[%emt 00:01:22]} 26. Qxe5
{[%clk 00:42:25]} {[%emt 00:00:40]} Qxe5 {[%clk 01:08:01]} {[%emt 00:00:07]}
27. Rxe5 {[%clk 00:42:48]} {[%emt 00:00:06]} axb4 {[%clk 01:07:41]} {[%emt
00:00:51]} 28. axb4 {[%clk 00:43:07]} {[%emt 00:00:11]} Ra3 {[%clk 01:07:24]}
{[%emt 00:00:47]} 29. Ne2 {[%clk 00:34:53]} {[%emt 00:08:44]} Ne4 {[%clk
01:07:31]} {[%emt 00:00:24]} 30. Nf4 {[%clk 00:31:11]} {[%emt 00:04:12]} Kf7
{[%clk 01:07:21]} {[%emt 00:00:40]} 31. f3 {[%clk 00:29:32]} {[%emt 00:02:08]}
Ng5 {[%clk 01:06:38]} {[%emt 00:01:13]} 32. h4 {[%clk 00:24:51]} {[%emt
00:05:12]} Nh7 {[%clk 01:07:00]} {[%emt 00:00:08]} 33. Kf2 {[%clk 00:24:01]}
{[%emt 00:01:20]} Ra2+ {[%clk 01:06:55]} {[%emt 00:00:35]} 34. Kf1 {[%clk
00:22:46]} {[%emt 00:01:44]} Rd2 {[%clk 01:06:08]} {[%emt 00:01:17]} 35. Ne2
{[%clk 00:21:34]} {[%emt 00:01:43]} Ra8 {[%clk 01:05:55]} {[%emt 00:00:44]} 36.
Re3 {[%clk 00:20:17]} {[%emt 00:01:46]} Rda2 {[%clk 01:05:00]} {[%emt
00:01:21]} 37. Nf4 {[%clk 00:19:29]} {[%emt 00:01:21]} Nf8 {[%clk 01:05:19]}
{[%emt 00:00:10]} 38. Nd3 {[%clk 00:18:41]} {[%emt 00:01:19]} Ng6 {[%clk
01:05:15]} {[%emt 00:00:34]} 39. h5 {[%clk 00:18:08]} {[%emt 00:01:04]} Ne7
{[%clk 01:05:15]} {[%emt 00:00:30]} 40. Rbe1 {[%clk 00:16:57]} {[%emt
00:01:41]} Nf5 {[%clk 01:04:15]} {[%emt 00:01:30]} 41. Ne5+ {[%clk 00:15:45]}
{[%emt 00:01:43]} Kg8 {[%clk 01:04:01]} {[%emt 00:00:44]} 42. Rd3 {[%clk
00:15:03]} {[%emt 00:01:11]} Ng3+ {[%clk 01:03:27]} {[%emt 00:01:03]} 43. Kg1
{[%clk 00:14:35]} {[%emt 00:00:58]} Ne2+ {[%clk 01:03:48]} {[%emt 00:00:08]}
44. Kf1 {[%clk 00:09:55]} {[%emt 00:05:11]} Nf4 {[%clk 01:04:05]} {[%emt
00:00:14]} 45. Rb3 {[%clk 00:09:49]} {[%emt 00:00:35]} Nxg2 {[%clk 01:04:17]}
{[%emt 00:00:18]} 46. Rd1 {[%clk 00:08:07]} {[%emt 00:02:12]} Rc8 {[%clk
01:04:05]} {[%emt 00:00:40]} 47. Ng6 {[%clk 00:06:47]} {[%emt 00:01:53]} Kf7
{[%clk 01:04:18]} {[%emt 00:00:17]} 48. f4 {[%clk 00:05:41]} {[%emt 00:01:35]}
Kf6 {[%clk 01:01:09]} {[%emt 00:03:40]} 49. Rg3 {[%clk 00:04:31]} {[%emt
00:01:39]} Nxf4 {[%clk 01:01:30]} {[%emt 00:00:09]} 50. Nxf4 {[%clk 00:04:50]}
{[%emt 00:00:11]} Rb2 {[%clk 01:01:52]} {[%emt 00:00:08]} 51. Nd3 {[%clk
00:02:45]} {[%emt 00:02:35]} Rh2 {[%clk 01:02:12]} {[%emt 00:00:10]} 52. Rg6+
{[%clk 00:01:54]} {[%emt 00:01:20]} Kf7 {[%clk 01:02:25]} {[%emt 00:00:18]} 53.
Ne5+ {[%clk 00:01:41]} {[%emt 00:00:44]} Kg8 {[%clk 01:02:44]} {[%emt
00:00:09]} 54. Rxe6 {[%clk 00:01:13]} {[%emt 00:01:00]} Rf8+ {[%clk 01:02:40]}
{[%emt 00:00:34]} 55. Kg1 {[%clk 00:00:35]} {[%emt 00:01:08]} Rxh5 {[%clk
01:02:59]} {[%emt 00:00:12]} 56. Rg6 {[%clk 00:28:33]} {[%emt 00:02:31]} Rf4
{[%clk 01:32:54]} {[%emt 00:00:35]} 57. Rd2 {[%clk 00:22:23]} {[%emt 00:06:41]}
Kh7 {[%clk 01:33:15]} {[%emt 00:00:09]} 58. Rdg2 {[%clk 00:21:28]} {[%emt
00:01:24]} Rg5 {[%clk 01:32:39]} {[%emt 00:01:05]} 59. R6xg5 {[%clk 00:20:06]}
{[%emt 00:01:52]} hxg5 {[%clk 01:33:03]} {[%emt 00:00:06]} 60. Rxg5 {[%clk
00:15:34]} {[%emt 00:05:02]} Rxd4 {[%clk 01:33:21]} {[%emt 00:00:13]} 61. Nxc6
{[%clk 00:15:42]} {[%emt 00:00:22]} Rd1+ {[%clk 01:33:40]} {[%emt 00:00:11]}
62. Kf2 {[%clk 00:15:24]} {[%emt 00:00:47]} d4 {[%clk 01:33:59]} {[%emt
00:00:11]} 63. Ke2 {[%clk 00:15:11]} {[%emt 00:00:42]} Rc1 {[%clk 01:34:21]}
{[%emt 00:00:09]} 64. Nxd4 {[%clk 00:14:48]} {[%emt 00:00:54]} Kh6 {[%clk
01:34:45]} {[%emt 00:00:07]} 65. Rg3 {[%clk 00:14:42]} {[%emt 00:00:35]} g6
{[%clk 01:35:08]} {[%emt 00:00:08]} 66. Nxb5 {[%clk 00:13:31]} {[%emt
00:01:41]} g5 {[%clk 01:35:32]} {[%emt 00:00:06]} 67. Rc3 {[%clk 00:12:29]}
{[%emt 00:01:32]} Rg1 {[%clk 01:35:55]} {[%emt 00:00:08]} 68. c6 {[%clk
00:11:34]} {[%emt 00:01:26]} g4 {[%clk 01:36:20]} {[%emt 00:00:05]} 69. c7
{[%clk 00:11:40]} {[%emt 00:00:24]} g3 {[%clk 01:36:47]} {[%emt 00:00:03]} 70.
c8=Q {[%clk 00:11:14]} {[%emt 00:00:56]} g2 {[%clk 01:37:11]} {[%emt 00:00:06]}
71. Qe6+ {[%clk 00:11:21]} {[%emt 00:00:23]} Kh5 {[%clk 01:37:36]} {[%emt
00:00:04]} 72. Qf5+ {[%clk 00:11:40]} {[%emt 00:00:11]} Kh6 {[%clk 01:38:02]}
{[%emt 00:00:05]} 73. Rc6+ {[%clk 00:11:55]} {[%emt 00:00:15]} Kg7 {[%clk
01:38:26]} {[%emt 00:00:06]} 74. Qd7+ {[%clk 00:12:19]} {[%emt 00:00:07]} Kh8
{[%clk 01:38:50]} {[%emt 00:00:05]} 75. Rc8# {[%clk 00:12:15]} {[%emt
00:00:04]} 1-0

[Event "DEM U12w 2024"]
[Site "Willingen GER"]
[Date "2024.05.19"]
[Round "1"]
[White "Bayer, Klara"]
[Black "Bohatyrova, Mariia"]
[Result "0-1"]
[Termination "normal"]
[Board "10"]
[WhiteElo "1261"]
[BlackElo "1588"]
[WhiteClock "00:39:00"]
[BlackClock "00:07:57"]
[PlyCount "100"]
[WhiteFideId "34658955"]
[BlackFideId "34165789"]
[EventCountry "GER"]
[EventRounds "9"]
[EventType "swiss"]
[EventDate "2024.05.18"]

1. d4 {[%clk 01:30:56]} {[%emt 00:00:03]} d5 {[%clk 01:30:54]} {[%emt
00:00:07]} 2. c4 {[%clk 01:31:13]} {[%emt 00:00:14]} e6 {[%clk 01:31:15]}
{[%emt 00:00:08]} 3. Nc3 {[%clk 01:31:16]} {[%emt 00:00:27]} c6 {[%clk
01:31:16]} {[%emt 00:00:29]} 4. Nf3 {[%clk 01:31:20]} {[%emt 00:00:26]} Nf6
{[%clk 01:31:36]} {[%emt 00:00:09]} 5. Bg5 {[%clk 01:31:29]} {[%emt 00:00:22]}
dxc4 {[%clk 01:31:05]} {[%emt 00:01:01]} 6. e3 {[%clk 01:29:45]} {[%emt
00:02:14]} Be7 {[%clk 01:20:35]} {[%emt 00:10:59]} 7. Bxc4 {[%clk 01:28:47]}
{[%emt 00:01:01]} O-O {[%clk 01:20:25]} {[%emt 00:01:08]} 8. Qc2 {[%clk
01:26:05]} {[%emt 00:03:13]} b6 {[%clk 01:16:44]} {[%emt 00:04:11]} 9. Bd3
{[%clk 01:22:42]} {[%emt 00:03:52]} h6 {[%clk 01:15:57]} {[%emt 00:01:18]} 10.
Bf4 {[%clk 01:21:00]} {[%emt 00:02:10]} Bb7 {[%clk 01:12:24]} {[%emt 00:04:02]}
11. O-O {[%clk 01:19:25]} {[%emt 00:02:07]} Nbd7 {[%clk 00:56:47]} {[%emt
00:16:06]} 12. h3 {[%clk 01:17:09]} {[%emt 00:02:48]} a6 {[%clk 00:43:52]}
{[%emt 00:13:25]} 13. Qe2 {[%clk 01:11:27]} {[%emt 00:06:11]} c5 {[%clk
00:38:28]} {[%emt 00:05:53]} 14. Bh2 {[%clk 01:04:50]} {[%emt 00:07:07]} b5
{[%clk 00:36:25]} {[%emt 00:02:35]} 15. dxc5 {[%clk 01:01:38]} {[%emt
00:03:41]} Nxc5 {[%clk 00:35:42]} {[%emt 00:01:12]} 16. Bc2 {[%clk 00:57:38]}
{[%emt 00:04:31]} Qb6 {[%clk 00:33:02]} {[%emt 00:03:06]} 17. Rfd1 {[%clk
00:56:00]} {[%emt 00:02:11]} Nd5 {[%clk 00:25:53]} {[%emt 00:07:39]} 18. Nxd5
{[%clk 00:55:10]} {[%emt 00:01:22]} Bxd5 {[%clk 00:26:07]} {[%emt 00:00:16]}
19. Ne5 {[%clk 00:52:59]} {[%emt 00:02:41]} Qb7 {[%clk 00:22:49]} {[%emt
00:03:45]} 20. Qg4 {[%clk 00:50:30]} {[%emt 00:03:00]} Rad8 {[%clk 00:17:30]}
{[%emt 00:05:51]} 21. Bf4 {[%clk 00:48:40]} {[%emt 00:02:20]} Bd6 {[%clk
00:08:46]} {[%emt 00:09:13]} 22. Rd4 {[%clk 00:35:07]} {[%emt 00:14:02]} Bxe5
{[%clk 00:05:34]} {[%emt 00:03:43]} 23. Bxe5 {[%clk 00:34:30]} {[%emt
00:01:06]} f6 {[%clk 00:04:13]} {[%emt 00:01:53]} 24. Bf4 {[%clk 00:33:54]}
{[%emt 00:01:06]} e5 {[%clk 00:02:54]} {[%emt 00:01:48]} 25. b4 {[%clk
00:21:23]} {[%emt 00:13:00]} exd4 {[%clk 00:01:20]} {[%emt 00:02:06]} 26. bxc5
{[%clk 00:20:48]} {[%emt 00:01:04]} Qf7 {[%clk 00:00:55]} {[%emt 00:00:54]} 27.
Bxh6 {[%clk 00:19:59]} {[%emt 00:01:21]} Be6 {[%clk 00:00:52]} {[%emt
00:00:31]} 28. Qg3 {[%clk 00:20:20]} {[%emt 00:00:10]} d3 {[%clk 00:00:52]}
{[%emt 00:00:31]} 29. Bb3 {[%clk 00:20:01]} {[%emt 00:00:49]} Bxb3 {[%clk
00:01:17]} {[%emt 00:00:06]} 30. axb3 {[%clk 00:20:18]} {[%emt 00:00:13]} d2
{[%clk 00:00:54]} {[%emt 00:00:52]} 31. Rd1 {[%clk 00:20:36]} {[%emt 00:00:11]}
Kh7 {[%clk 00:00:53]} {[%emt 00:00:32]} 32. Bf4 {[%clk 00:19:57]} {[%emt
00:01:10]} Qxb3 {[%clk 00:00:38]} {[%emt 00:00:44]} 33. Qf3 {[%clk 00:20:08]}
{[%emt 00:00:19]} Qd3 {[%clk 00:00:45]} {[%emt 00:00:23]} 34. Bd6 {[%clk
00:20:01]} {[%emt 00:00:36]} Rfe8 {[%clk 00:01:04]} {[%emt 00:00:12]} 35. Bc7
{[%clk 00:19:42]} {[%emt 00:00:50]} Rc8 {[%clk 00:01:15]} {[%emt 00:00:18]} 36.
Kh2 {[%clk 00:18:36]} {[%emt 00:01:38]} Rf8 {[%clk 00:00:49]} {[%emt 00:00:55]}
37. Bd6 {[%clk 00:18:57]} {[%emt 00:00:10]} Rfd8 {[%clk 00:01:07]} {[%emt
00:00:10]} 38. Be7 {[%clk 00:18:48]} {[%emt 00:00:40]} Rd7 {[%clk 00:01:12]}
{[%emt 00:00:23]} 39. Bd6 {[%clk 00:18:39]} {[%emt 00:00:40]} b4 {[%clk
00:00:54]} {[%emt 00:00:48]} 40. Rxd2 {[%clk 00:17:40]} {[%emt 00:01:29]} Qxd2
{[%clk 00:00:38]} {[%emt 00:00:47]} 41. Qf5+ {[%clk 00:17:43]} {[%emt
00:00:26]} Kh8 {[%clk 00:25:53]} {[%emt 00:05:14]} 42. Qxd7 {[%clk 00:47:26]}
{[%emt 00:00:49]} Rg8 {[%clk 00:25:15]} {[%emt 00:01:07]} 43. Qf5 {[%clk
00:46:38]} {[%emt 00:01:18]} Rd8 {[%clk 00:20:51]} {[%emt 00:04:53]} 44. Be7
{[%clk 00:46:01]} {[%emt 00:01:09]} Rd5 {[%clk 00:16:42]} {[%emt 00:04:37]} 45.
Qc8+ {[%clk 00:45:59]} {[%emt 00:00:33]} Kh7 {[%clk 00:17:05]} {[%emt
00:00:07]} 46. Qxa6 {[%clk 00:45:07]} {[%emt 00:01:23]} Qxf2 {[%clk 00:16:20]}
{[%emt 00:01:15]} 47. Qc4 {[%clk 00:44:15]} {[%emt 00:01:22]} Rd2 {[%clk
00:09:15]} {[%emt 00:07:32]} 48. Qe4+ {[%clk 00:43:48]} {[%emt 00:00:58]} f5
{[%clk 00:08:36]} {[%emt 00:01:09]} 49. Qb7 {[%clk 00:42:22]} {[%emt 00:01:56]}
Qxe3 {[%clk 00:08:02]} {[%emt 00:01:03]} 50. Bd6 {[%clk 00:39:00]} {[%emt
00:03:53]} f4 {[%clk 00:07:57]} {[%emt 00:00:35]} 0-1